Euroopan maantiedettä kirjaimittain - N - Statistics

Yleistilastot
  • Tätä visaa on pelattu 951 kertaa
  • Keskiarvotulos 10 / 20
Vastaustilastot
Vihje Vastaus % Oikein
Vuonoistaan tunnettu valtio Norja
98%
Pizzan sanotaan olevan alun perin lähtöisin tästä kaupungista Napoli
96%
Tampereella sijaitseva näköalatorni, joka on Suomen korkein rakennus Näsinneula
85%
Hirviöstään tunnettu järvi Skotlannissa Loch Ness
83%
Pariisin tunnetuin katedraali Notre-Dame
81%
Suuri Ranskan kaupunki Välimeren rannalla lähellä Monacoa ja Italiaa Nizza
69%
Uudenmaan kunta, joka on Aleksis Kiven syntymäpaikka Nurmijärvi
69%
Viron kaupunki Venäjän vastaisella rajalla Narva
67%
Ranskan alue, jossa toisen maailmansodan D-Day tapahtui Normandia
64%
Natsien puoluepäivistä ja toisen maailmansodan jälkeisistä oikeudenkäynneistään tunnettu kaupunki Nürnberg
56%
Kaupunki lähellä Sherwoodin metsää Nottingham
54%
Laatokasta Suomenlahteen Pietarin halki virtaava joki Neva
52%
Suuri kaupunki Ranskan länsiosissa, jossa sijaitsi yksi maailman ensimmäisistä julkisista liikennejärjestelmistä Nantes
35%
Manner-Euroopan pohjoisimpana paikkana pidetty niemimaa Norjassa Nordkapp
25%
Ruotsin pohjoisin pääalue Norlanti
25%
Aiemmin nimellä Gorki tunnettu suurin Volgan varrella sijaitseva kaupunki Nižni Novgorod
24%
Serbian toiseksi tai kolmanneksi suurin kaupunki Novi Sad / Niš
19%
Pohjois-Espanjassa sijaitseva alue, joka oli keskiajalla itsenäinen Navarra
11%
Sveitsissä sijaitseva kantoni, kaupunki ja järvi Neuchâtel
11%
Valko-Venäjän, Liettuan ja Venäjän alueilla virtaava joki Niemen
7%
Ehtoja vastaavia visoja ei löytynyt
Tulosjakauma
Jokaisen tuloksen saaneiden osuus
Persentiili vastausten määrän mukaan
Tuloshistoriasi
Et ole pelannut tätä visaa